000 01248nam a2200325 i 4500
001 768714001
003 CO-MdFUSB
005 20210305171536.0
007 ta
008 200530t2011 sp a|||| |||| 00| 0 spa d
020 _a9788408104827
040 _aCO-MdFUSB
_bspa
_cCO-MdFUSB
_dCO-MdFUSBC
_erda
041 _aspa
082 _223
_a863.64
_bM867
100 _aMoro, Javier.
_eautor
245 3 _aEl imperio eres tú
_c/ Javier Moro
264 1 _aBarcelona, España :
_bPlaneta,
_c[2011]
264 4 _c© 2011
300 _a553 páginas
_c; 23 cm
336 _2rdacontent
_atexto
_btxt
337 _2rdamedia
_asin mediación
_bn
338 _2rdacarrier
_avolumen
_bnc
490 _aAutores españoles e iberoamericanos.
520 _aConvertido en emperador de Brasil a los veintitrés años, Pedro I marcó con su huella la historia de dos continentes. Desmedido y contradictorio, las mujeres fueron su salvación y su perdición. Cuando el inmenso Brasil se le hizo pequeño y el poder dejó de interesarle, puso su vida en juego por aquello que creía justo. Y alcanzó la gloria.
563 _aRústico
653 _aLiteratura española.
653 _aPedro I, Emperador de Brasil, 1798-1834
942 _cBK
945 _aJTF-925
999 _c65928
_d65928